|
|
|
|
| LEADER |
00000ny a22000003n 4500 |
| 005 |
20110519141646.0 |
| 008 |
080227s2007 ag s 000 0 spa d |
| 020 |
|
|
|a 9875073237
|
| 035 |
|
|
|a 2423
|
| 040 |
|
|
|a Mpons
|d UMA.RE
|d vLex
|
| 080 |
|
|
|a 352(7/8):94(460.185)
|
| 080 |
|
|
|a 94(460.185):352(7/8)
|
| 090 |
|
|
|c 62
|d 62
|
| 245 |
0 |
0 |
|a Valladolid en Amřica
|h [Recurso electrn̤ico]
|b el municipalismo y su proyeccin̤ iberoamericana /
|c Enrique Orduą Rebollo (coordinador)
|
| 256 |
|
|
|a Servicio en ln̕ea
|
| 260 |
|
|
|a Buenos Aires :
|b Ediciones Ciudad Argentina,
|c 2007
|
| 506 |
1 |
|
|a Contenido solo disponible en los productos indicados
|d vLex Global
|d vLex Global (Academic Edition, excluding Law Schools)
|d vLex Global (U.S. Academic Edition, Law Schools)
|d vLex Global (U.S. Academic Edition, excluding Law Schools)
|d vLex Global (Academic Edition, Law Schools)
|
| 650 |
0 |
4 |
|a Administracin̤
|
| 700 |
1 |
|
|a Orduą Rebollo, Enrique,
|e coord
|
| 740 |
0 |
|
|a vLex Libros (Servicios en ln̕ea)
|
| 856 |
4 |
0 |
|u http://vlex.com/source/2423
|z Acceso restringido
|
| 942 |
|
|
|c BOOK
|
| 999 |
|
4 |
|a Management
|z Valladolid
|b Argentina
|
| 999 |
|
4 |
|a Amřica Latina
|